| 000 | 01147cam a22003137a 4500 | ||
|---|---|---|---|
| 999 |
_c10520 _d10520 |
||
| 003 | OSt | ||
| 005 | 20220330125938.0 | ||
| 008 | 150213s2014 gw abe 001 0 eng d | ||
| 016 | 7 |
_a1054108749 _2DE-101 |
|
| 020 |
_a9783869220383 _q(English edition : _qhd. bd.) |
||
| 020 |
_a3869220384 _q(English edition : _qhd. bd.) |
||
| 042 | _alccopycat | ||
| 072 | 7 |
_aNA _2lcco |
|
| 082 | _a727 | ||
| 245 | 0 | 0 |
_aSchool buildings / _cedited by Natascha Meuser ; with essays by Hans Wolfgang Hoffmann, Thomas Müller and Jochem Schneider ; [translation, Geoffrey Steinherz]. |
| 260 |
_aBerlin : _bDOM Publishers, _c2014. |
||
| 300 |
_a391 pages : _billustrations (chiefly color), map, plans ; _c29 cm. |
||
| 490 | 1 | _aConstruction and design manual | |
| 500 | _aIncludes index. | ||
| 500 | _aBook includes elastic band to fix covers. | ||
| 650 | 0 |
_aSchool buildings _xDesign and construction. |
|
| 700 | 1 |
_aMeuser, Natascha, _d1967- |
|
| 700 | 1 |
_aHoffmann, Hans Wolfgang, _d1970- |
|
| 700 | 1 |
_aMüller, Thomas, _d1947- |
|
| 700 | 1 | _aSchneider, Jochem. | |
| 700 | 1 | _aSteinherz, Geoffrey. | |
| 830 | 0 | _aConstruction and design manual. | |
| 942 | _2ddc | ||